| Tag |
First Indicator |
Second Indicator |
Subfields |
| LEADER |
00000cam a2200000 a 4500 |
| 001 |
in00000072862 |
| 005 |
20151008054643.0 |
| 008 |
811203s1981 enkab b 00110 eng |
| 010 |
|
|
|a 81195393
|
| 015 |
|
|
|a GB***
|
| 020 |
|
|
|a 0856133213 :
|c 7.95
|
| 035 |
|
|
|a (OCoLC)08033997
|
| 035 |
|
|
|9 AAJ1284AM
|
| 039 |
0 |
|
|a 2
|b 3
|c 3
|d 3
|e 3
|
| 040 |
|
|
|a DLC
|c DLC
|d TXA
|d UtOrBLW
|
| 041 |
1 |
|
|a eng
|a cze
|
| 043 |
|
|
|a e-gr---
|
| 049 |
|
|
|a TXAM
|c [1442246]
|
| 050 |
0 |
0 |
|a DF77
|b .O4313 1981
|
| 082 |
0 |
|
|a 938
|2 19
|
| 100 |
1 |
|
|a Oliva, Pavel.
|
| 240 |
1 |
0 |
|a Zrození řecké civilizace.
|l English
|
| 245 |
1 |
4 |
|a The birth of Greek civilization /
|c Pavel Oliva ; [translated by Iris Urwin Levitova].
|
| 264 |
|
1 |
|a London :
|b Orbis,
|c 1981.
|
| 300 |
|
|
|a 200 pages :
|b illustrations, maps ;
|c 24 cm.
|
| 336 |
|
|
|a text
|b txt
|2 rdacontent
|
| 337 |
|
|
|a unmediated
|b n
|2 rdamedia
|
| 338 |
|
|
|a volume
|b nc
|2 rdacarrier
|
| 500 |
|
|
|a Translation of: Zrozeni recke civilizace.
|
| 500 |
|
|
|a Includes index.
|
| 504 |
|
|
|a Bibliography: pages 188-193.
|
| 651 |
|
0 |
|a Greece
|x Civilization.
|
| 999 |
|
|
|a MARS
|
| 999 |
f |
f |
|s cafc368d-57b3-3081-a2c3-0a465f2311e9
|i c48531c0-bf27-3025-96ad-808d0b11e98f
|t 0
|
| 952 |
f |
f |
|p ric
|a Texas A&M University
|b Rellis Campus
|c Joint Library Facility
|d Remote Storage
|t 0
|e DF77 .O4313 1981
|h Library of Congress classification
|i unmediated -- volume
|m A14806097963
|
| 998 |
f |
f |
|a DF77 .O4313 1981
|t 0
|l Remote Storage
|